000 00636nam a2200253Ia 4500
005 20260121160534.0
008 008 260114s9999 xx 000 0 eng d
020 _a9781315737386
037 _aEBOOK
040 _aCRL
040 _beng
040 _cCRL
041 _2eng
041 _aeng
084 _qCRL
100 _a Robert A. Saunders
_91033183
245 0 _aPopular Geopolitics and Nation Branding in the Post-Soviet Realm
260 _bTaylor and Francis
260 _c2017
856 _uhttp://www.taylorfrancis.com/books/9781315737386
942 _cEBOOK
999 _c1599999
_d1599999